000
00278nam a22001217a 4500
003
OSt
008
250124b |||||||| |||| 00| 0 eng d
041
_a
eng
082
_a
631.372
_b
JAI/FA
100
_a
Jain, SC
_9
6904
245
_a
Farm Tractor Maintenance and Repair
942
_c
BK
999
_c
19129
_d
19129